| 000 | 00744nam a22001817a 4500 | ||
|---|---|---|---|
| 999 |
_c14988 _d14988 |
||
| 003 | OSt | ||
| 082 | _2631.56 MAD/DE | ||
| 088 | _aT 251 | ||
| 100 |
_aR. MADHANA SUPRIYA _93674 |
||
| 245 | _aDevelopment and evaluation of modified atmosphere packed passion fruit (Passiflora edulis) | ||
| 260 |
_aTavanur 2012 _bKelappaji College of Agricultural Engineering and Technology |
||
| 300 | _a102 | ||
| 500 | _aDevelopment and evaluation of modified atmosphere packed passion fruit (Passiflora edulis) | ||
| 520 | _aDevelopment and evaluation of modified atmosphere packed passion fruit (Passiflora edulis) | ||
| 700 |
_aDr. Sudheer K.P (Guide) _93409 |
||
| 856 | _uhttps://drive.google.com/open?id=1pXK_lEvfNWsQ3XRcwIyGo9T1OFzZ0saM | ||
| 942 | _cTH | ||